[Event "Atina Open og KM 2024"]
[Site "Copenhagen"]
[Date "2024.11.10"]
[Round "6.1"]
[White "Perets, Dmytro"]
[Black "Hoi, Carsten"]
[Result "0-1"]
[WhiteElo "2235"]
[BlackElo "2301"]
[EventDate "2024.11.08"]
[EventType "swiss"]
[EventRounds "7"]
[EventCountry "DEN"]
[SourceTitle "Live v. Kasper Jerwiarz"]

1. Nf3 Nf6 2. c4 g6 3. d4 Bg7 4. g3 O-O 5. Bg2 d6 6. Nc3 Bg4 7. h3 Bxf3 8. Bxf3 Nc6 9. O-O Nd7 10. Bxc6 bxc6 11. Rb1 e5 12. d5 c5 13. b4 cxb4 14. Rxb4 f5 15. Kg2 Qe7 16. Rb7 Nc5 17. Rb1 f4 18. e4 h5 19. Ba3 Nd7 20. Rb7 fxg3 21. fxg3 Rxf1 22. Qxf1 Rf8 23. Qd3 Nb6 24. c5 dxc5 25. Nb5 Bh6 26. Rxc7 Qf6 27. Bxc5 Nc4 28. Qe2 h4 29. Bxf8 Ne3+ 30. Kg1 Kxf8 31. Qf2 Bf4 32. gxf4 exf4 33. Nd4 Qxd4 34. Qxf4+ Nf5+ 35. Kg2 Kg8 36. Rc8+ Kh7 37. Qc7+ Ng7 38. Qf4 g5 39. Qf3 Qb2+ 40. Qf2 Qe5 41. Rc4 Kh6 42. Rc6+ Kh7 43. Rc1 0-1

[Event "Atina Open og KM 2024"]
[Site "Copenhagen"]
[Date "2024.11.10"]
[Round "6.2"]
[White "Medhus, Vitus Bondo"]
[Black "Tilicheev, Viacheslav"]
[Result "0-1"]
[WhiteElo "2311"]
[BlackElo "2437"]
[EventDate "2024.11.08"]
[EventType "swiss"]
[EventRounds "7"]
[EventCountry "DEN"]
[SourceTitle "Live v. Kasper Jerwiarz"]

1. e4 c6 2. d4 d5 3. f3 g6 4. Nc3 Bg7 5. Be3 Qb6 6. Qd2 Qxb2 7. Rb1 Qa3 8. Bd3 e6 9. Nge2 b6 10. Rb3 Qe7 11. O-O Ba6 12. Bxa6 Nxa6 13. Bg5 Qd7 14. f4 f6 15. Bh4 Ne7 16. Ng3 dxe4 17. Ncxe4 O-O 18. Qe2 Nc7 19. Rd3 Nf5 20. Qg4 Nd5 21. Re1 h5 22. Qd1 Nxh4 23. Nxh5 gxh5 24. Rh3 Nxg2 25. Qxh5 Nxe1 26. Qh7+ Kf7 27. Qh5+ Ke7 28. Qh7 Rf7 29. f5 Rh8 0-1

[Event "Atina Open og KM 2024"]
[Site "Copenhagen"]
[Date "2024.11.10"]
[Round "6.3"]
[White "Jacobsen, Mikkel Manosri"]
[Black "Falkesgaard, Jeppe Hald"]
[Result "1-0"]
[WhiteElo "2289"]
[BlackElo "2266"]
[EventDate "2024.11.08"]
[EventType "swiss"]
[EventRounds "7"]
[EventCountry "DEN"]
[SourceTitle "Live v. Kasper Jerwiarz"]

1. d4 d5 2. c4 c6 3. cxd5 cxd5 4. Nc3 Nf6 5. Nf3 Nc6 6. Ne5 e6 7. a3 Qb6 8. e3 Nxe5 9. dxe5 Nd7 10. f4 Be7 11. Bd3 O-O 12. O-O g6 13. Bd2 Nc5 14. Bc2 Qxb2 15. Rb1 Qxa3 16. Ra1 Qb2 17. Rb1 Qa3 18. Nb5 Qa2 19. Bb4 Qc4 20. Bd3 Nxd3 21. Bxe7 Nc5 22. Nc7 Ne4 23. Nxa8 Re8 24. Bd6 Nc3 25. Rb4 Nxd1 26. Rxc4 dxc4 27. Rxd1 Bd7 28. Nc7 Rc8 29. Rb1 Bc6 30. Rb4 Bd5 31. Nxd5 exd5 32. Rxb7 c3 33. Ba3 c2 34. Bc1 a5 35. Kf2 a4 36. Ke2 Rc4 37. Kd2 g5 38. f5 Re4 39. Kxc2 h5 40. e6 1-0

[Event "Atina Open og KM 2024"]
[Site "Copenhagen"]
[Date "2024.11.10"]
[Round "6.4"]
[White "Jarlskov, Daniel Tuk Hartso"]
[Black "Jalving, August"]
[Result "1-0"]
[WhiteElo "2064"]
[BlackElo "2205"]
[EventDate "2024.11.08"]
[EventType "swiss"]
[EventRounds "7"]
[EventCountry "DEN"]
[SourceTitle "Live v. Kasper Jerwiarz"]

1. c4 Nf6 2. Nf3 e6 3. g3 d5 4. Bg2 d4 5. O-O c5 6. d3 Nc6 7. e3 Bd6 8. Na3 O-O 9. Nc2 e5 10. exd4 cxd4 11. Re1 a5 12. Na3 Bf5 13. Nb5 Bb8 14. b3 Re8 15. Bg5 Bd6 16. Nh4 Bc8 17. Qf3 Bb4 18. Re2 Bg4 19. Qxg4 Nxg4 20. Bxd8 Rexd8 21. Nc7 Rac8 22. Nd5 Bc5 23. Bh3 Nh6 24. Bxc8 Rxc8 25. h3 f5 26. Rae1 g6 27. Kg2 Kg7 28. f4 e4 29. dxe4 fxe4 30. Rxe4 Nf7 31. f5 Nd6 32. Rg4 d3 33. fxg6 h5 34. Rf4 d2 35. Rd1 Re8 36. Rxd2 Re1 37. Nf3 Ra1 38. Re2 Kxg6 39. g4 h4 40. Rf6+ Kg7 41. Nxh4 Nf7 42. Nf5+ Kg8 43. Re8+ Bf8 44. Nde7+ Nxe7 45. Nxe7+ Kg7 46. Rg6+ 1-0

[Event "Atina Open og KM 2024"]
[Site "Copenhagen"]
[Date "2024.11.10"]
[Round "6.5"]
[White "Veiergang, Oscar Jacob"]
[Black "Nordenbaek, Jan"]
[Result "1/2-1/2"]
[WhiteElo "2151"]
[BlackElo "2166"]
[EventDate "2024.11.08"]
[EventType "swiss"]
[EventRounds "7"]
[EventCountry "DEN"]
[SourceTitle "Live v. Kasper Jerwiarz"]

1. Nf3 Nf6 2. g3 g6 3. Bg2 Bg7 4. O-O O-O 5. c4 c6 6. d4 d5 7. cxd5 cxd5 8. Ne5 Nc6 9. Nc3 Be6 10. Nxc6 bxc6 11. Bf4 Nh5 12. Be3 f5 13. Na4 f4 14. Nc5 Bg4 15. Bc1 fxg3 16. hxg3 e5 17. Be3 1/2-1/2

[Event "Atina Open og KM 2024"]
[Site "Copenhagen"]
[Date "2024.11.10"]
[Round "6.6"]
[White "Pedersen, Daniel Vesterbaek"]
[Black "Slavensky, Asbjorn Vesterkaer"]
[Result "1-0"]
[WhiteElo "2228"]
[BlackElo "2104"]
[EventDate "2024.11.08"]
[EventType "swiss"]
[EventRounds "7"]
[EventCountry "DEN"]
[SourceTitle "Live v. Kasper Jerwiarz"]

1. e4 c5 2. Nf3 d6 3. d4 cxd4 4. Nxd4 Nf6 5. Nc3 a6 6. f3 e5 7. Nb3 Be6 8. Be3 Be7 9. Qd2 Nbd7 10. g4 b5 11. a3 Qc7 12. g5 Nh5 13. O-O-O O-O 14. h4 Rfc8 15. Bh3 Nb6 16. Na5 d5 17. Bxb6 Qxb6 18. Nxd5 Bxd5 19. Bxc8 Bxe4 20. fxe4 Rxc8 21. Qd7 Rc7 22. Qd8+ Bf8 23. Nb3 Nf4 24. Kb1 Qc6 25. Rh2 g6 26. Nc1 Kg7 27. Rhd2 Be7 28. Qb8 Ne6 29. Ne2 Qxe4 30. Nc3 Rxc3 31. bxc3 Nc5 32. Rd8 Bxd8 33. Rxd8 Qh1+ 34. Ka2 1-0

[Event "Atina Open og KM 2024"]
[Site "Copenhagen"]
[Date "2024.11.10"]
[Round "6.7"]
[White "Christensen, Janus"]
[Black "Kistrup, Nicolai"]
[Result "0-1"]
[WhiteElo "2130"]
[BlackElo "2420"]
[EventDate "2024.11.08"]
[EventType "swiss"]
[EventRounds "7"]
[EventCountry "DEN"]
[SourceTitle "Live v. Kasper Jerwiarz"]

1. Nf3 d5 2. b3 Bf5 3. Bb2 e6 4. e3 Nf6 5. Be2 h6 6. O-O Nbd7 7. c4 Bd6 8. Nc3 c6 9. Nd4 Bh7 10. f4 O-O 11. d3 Re8 12. Nc2 e5 13. cxd5 cxd5 14. f5 Rc8 15. Rc1 Bb8 16. Bf3 Nc5 17. d4 exd4 18. exd4 Nce4 19. Bxe4 Qd6 20. g3 Nxe4 21. Qd3 h5 22. Nb5 Qh6 23. Nb4 Bxf5 24. Rxc8 Bxc8 25. Nxd5 Ng5 26. Rc1 Bg4 27. Nbc3 Nf3+ 28. Kf2 h4 29. Qxf3 Qd2+ 0-1

[Event "Atina Open og KM 2024"]
[Site "Copenhagen"]
[Date "2024.11.10"]
[Round "6.8"]
[White "Molvig, Henrik"]
[Black "Fries Nielsen, Jens Ove"]
[Result "0-1"]
[WhiteElo "2073"]
[BlackElo "2334"]
[EventDate "2024.11.08"]
[EventType "swiss"]
[EventRounds "7"]
[EventCountry "DEN"]
[SourceTitle "Live v. Kasper Jerwiarz"]

1. d4 g6 2. c4 Bg7 3. Nc3 e6 4. g3 Ne7 5. Bg2 d6 6. Nf3 Nd7 7. h4 h6 8. e4 a6 9. Be3 Rb8 10. a4 c5 11. O-O Nc6 12. d5 exd5 13. exd5 Nce5 14. Nd2 f5 15. Qc2 O-O 16. Bh3 Nf6 17. f3 Nh5 18. Bf2 g5 19. hxg5 Qxg5 20. Bg2 Nxg3 21. f4 Qxf4 22. Bxc5 Nxf1 23. Rxf1 Qg3 24. Ne2 Qg4 25. Bxd6 Qxe2 26. Bxb8 Ng4 27. Bf4 Bd4+ 28. Kh1 Nf2+ 29. Kh2 Qh5+ 30. Kg3 Qg4+ 0-1

[Event "Atina Open og KM 2024"]
[Site "Copenhagen"]
[Date "2024.11.10"]
[Round "6.9"]
[White "Rasmussen, Casper Dahl"]
[Black "Gregor, Bjarke"]
[Result "1/2-1/2"]
[WhiteElo "2202"]
[BlackElo "2128"]
[EventDate "2024.11.08"]
[EventType "swiss"]
[EventRounds "7"]
[EventCountry "DEN"]
[SourceTitle "Live v. Kasper Jerwiarz"]

1. c4 e6 2. e4 d5 3. cxd5 exd5 4. exd5 Nf6 5. Bb5+ Nbd7 6. Nc3 Be7 7. Nf3 O-O 8. d4 Nb6 9. h3 Nbxd5 10. O-O Bf5 11. Bd3 Bxd3 12. Qxd3 Re8 13. Bd2 c5 14. dxc5 Nxc3 15. Qxc3 Ne4 16. Qc2 Bxc5 17. Rae1 Rc8 18. Bg5 Qd5 19. Qa4 b5 20. Qb3 Qxb3 21. axb3 Ng3 22. Rxe8+ Rxe8 23. Rd1 f6 24. Rd5 Ne4 25. Be3 Bxe3 26. fxe3 a6 27. Nd4 Re5 1/2-1/2

[Event "Atina Open og KM 2024"]
[Site "Copenhagen"]
[Date "2024.11.10"]
[Round "6.10"]
[White "Rosenlund, Thorbjorn"]
[Black "Petersen, Peter Birk"]
[Result "1/2-1/2"]
[WhiteElo "2127"]
[BlackElo "2142"]
[EventDate "2024.11.08"]
[EventType "swiss"]
[EventRounds "7"]
[EventCountry "DEN"]
[SourceTitle "Live v. Kasper Jerwiarz"]

1. g3 e5 2. c4 Nf6 3. Nc3 Nc6 4. Bg2 g6 5. d3 Bg7 6. e4 d6 7. Nge2 O-O 8. O-O h6 9. h3 Ne8 10. f4 f5 11. exf5 gxf5 12. Be3 Nf6 13. d4 e4 14. d5 Nb8 15. Nd4 a5 16. a3 Re8 17. Nb1 1/2-1/2

[Event "Atina Open og KM 2024"]
[Site "Copenhagen"]
[Date "2024.11.10"]
[Round "7.1"]
[White "Hoi, Carsten"]
[Black "Jacobsen, Mikkel Manosri"]
[Result "1/2-1/2"]
[WhiteElo "2301"]
[BlackElo "2289"]
[EventDate "2024.11.08"]
[EventType "swiss"]
[EventRounds "7"]
[EventCountry "DEN"]
[SourceTitle "Live v. Kasper Jerwiarz"]

1. c4 e5 2. e3 Be7 3. Nc3 d6 4. d4 f5 5. Nf3 e4 6. Nd2 Nf6 7. f3 c5 8. fxe4 Nc6 9. Bd3 cxd4 10. exd4 Nxd4 11. O-O g6 12. Nf3 fxe4 1/2-1/2

[Event "Atina Open og KM 2024"]
[Site "Copenhagen"]
[Date "2024.11.10"]
[Round "7.2"]
[White "Tilicheev, Viacheslav"]
[Black "Jarlskov, Daniel Tuk Hartso"]
[Result "1-0"]
[WhiteElo "2437"]
[BlackElo "2064"]
[EventDate "2024.11.08"]
[EventType "swiss"]
[EventRounds "7"]
[EventCountry "DEN"]
[SourceTitle "Live v. Kasper Jerwiarz"]

1. d4 d5 2. c4 e6 3. Nf3 Nf6 4. g3 Be7 5. Bg2 O-O 6. Nc3 dxc4 7. Ne5 c5 8. dxc5 Qxd1+ 9. Nxd1 Bxc5 10. Ne3 Bb4+ 11. Bd2 Bxd2+ 12. Kxd2 Nbd7 13. N3xc4 Nxe5 14. Nxe5 Nd5 15. Bxd5 Rd8 16. Rhd1 Rxd5+ 17. Kc3 Kf8 18. Rxd5 exd5 19. Kd4 Be6 20. Rc1 Re8 21. e3 f6 22. Nd3 Kf7 23. Rc7+ Re7 24. Rxe7+ Kxe7 25. Nf4 Kd6 26. Nh5 Bg4 27. Nxg7 Ke7 28. e4 dxe4 29. Kxe4 Kf7 30. Nf5 Ke6 31. Nd4+ Kd6 32. f3 Bd7 33. g4 a6 34. h4 Be8 35. f4 Bg6+ 36. f5 Bf7 37. a3 h5 38. gxh5 Bxh5 39. Ne6 Bf7 40. Nf4 Ke7 41. Nd5+ 1-0

[Event "Atina Open og KM 2024"]
[Site "Copenhagen"]
[Date "2024.11.10"]
[Round "7.3"]
[White "Kistrup, Nicolai"]
[Black "Pedersen, Daniel Vesterbaek"]
[Result "1/2-1/2"]
[WhiteElo "2420"]
[BlackElo "2228"]
[EventDate "2024.11.08"]
[EventType "swiss"]
[EventRounds "7"]
[EventCountry "DEN"]
[SourceTitle "Live v. Kasper Jerwiarz"]

1. d4 Nf6 2. c4 e6 3. Nf3 d5 4. g3 Be7 5. Bg2 O-O 6. O-O dxc4 7. Qa4 a6 8. Qxc4 b5 9. Qc2 Bb7 10. Bd2 Be4 11. Qc1 c6 12. Rd1 Bxf3 13. Bxf3 Qxd4 14. a4 b4 15. Be3 Qe5 16. Nd2 Nd5 17. Bc5 Nd7 18. Bxe7 Nxe7 19. Nc4 Qc7 20. Qd2 Nd5 21. e4 N5f6 22. Qxb4 Rfb8 23. Qd6 Ra7 24. Rac1 h6 25. Rc2 Kh7 26. Bg2 Rb3 27. Qe7 Nb6 28. Qxc7 Rxc7 29. Nxb6 Rxb6 30. Rd6 Rb4 31. e5 Nd5 32. b3 Rxb3 33. Be4+ g6 34. Rcxc6 Rxc6 35. Rxc6 Nc3 36. Bc2 Ra3 37. Kg2 Kg7 38. h4 g5 39. h5 Nd5 40. Bd1 Nc3 41. Bf3 a5 42. Rc5 Nxa4 43. Rxa5 Ra2 44. Ra7 Nc3 45. Rc7 Nb5 46. Rd7 Ra7 47. Rd3 Rc7 48. Ba8 1/2-1/2

[Event "Atina Open og KM 2024"]
[Site "Copenhagen"]
[Date "2024.11.10"]
[Round "7.4"]
[White "Fries Nielsen, Jens Ove"]
[Black "Eriksson, Christian Altenburg"]
[Result "1/2-1/2"]
[WhiteElo "2334"]
[BlackElo "2129"]
[EventDate "2024.11.08"]
[EventType "swiss"]
[EventRounds "7"]
[EventCountry "DEN"]
[SourceTitle "Live v. Kasper Jerwiarz"]

1. e4 c5 2. Nf3 Nc6 3. Nc3 e5 4. Bb5 d6 5. d3 Be7 6. h3 Nf6 7. O-O O-O 8. Bxc6 bxc6 9. Ne2 Nh5 10. g4 Nf6 11. Ng3 g6 12. c3 Ne8 13. d4 cxd4 14. cxd4 exd4 15. Nxd4 Bd7 16. Bh6 Ng7 17. Qd2 Qb6 18. Rac1 Rfe8 19. Nxc6 Bxc6 20. Qc3 Ne6 21. Qxc6 Qxb2 22. Rc2 Qf6 23. Be3 Nd4 24. Bxd4 Qxd4 25. Ne2 Qf6 26. Kg2 Bf8 27. Qd5 Qe5 28. Nc3 Rac8 29. Rfc1 Rc5 30. Qxe5 dxe5 31. Nd5 Rec8 32. Rxc5 Rxc5 33. Rxc5 Bxc5 34. Kf3 h6 35. h4 Kg7 36. h5 Bd4 37. Ke2 f6 38. Ne7 f5 39. gxf5 gxh5 40. Ng6 Kf6 41. f4 exf4 42. Kf3 Be5 43. Nxf4 Kg5 44. Ne6+ Kf6 45. Nd8 a5 46. a4 Bc3 47. Nc6 Kg5 48. Ne7 Bf6 49. Ng6 Bc3 50. Nf4 Be5 51. Nd3 Bc3 52. Nf2 Be5 53. Nh3+ Kf6 54. Ke3 Bb2 55. Kf3 Be5 56. Nf4 Kg5 57. Nd3 Bc3 58. Kg3 Bd4 59. Kf3 Bc3 60. Nc1 Bb2 61. Nb3 Bc3 62. Nc5 Be5 63. Ne6+ Kf6 64. Kg2 Bc3 65. Kg3 Be1+ 66. Kh3 Ke5 67. Nc5 Bc3 68. Kh4 Kd4 69. Nb3+ Kxe4 70. Kxh5 1/2-1/2

[Event "Atina Open og KM 2024"]
[Site "Copenhagen"]
[Date "2024.11.10"]
[Round "7.5"]
[White "Nordenbaek, Jan"]
[Black "Medhus, Vitus Bondo"]
[Result "1-0"]
[WhiteElo "2166"]
[BlackElo "2311"]
[EventDate "2024.11.08"]
[EventType "swiss"]
[EventRounds "7"]
[EventCountry "DEN"]
[SourceTitle "Live v. Kasper Jerwiarz"]

1. e4 e5 2. Nf3 Nc6 3. Bc4 Nf6 4. d3 Bc5 5. c3 d6 6. a4 a6 7. O-O O-O 8. Re1 Kh8 9. h3 Ba7 10. Bb3 Ne7 11. Nbd2 Ng6 12. Nf1 Be6 13. Ng3 Qd7 14. Ng5 Bxb3 15. Qxb3 d5 16. Nf3 dxe4 17. dxe4 Nf4 18. Nxe5 Qe6 19. Qxe6 Nxe6 20. Be3 Bxe3 21. Rxe3 Rad8 22. b4 Nd7 23. Nxd7 Rxd7 24. Ne2 Rd2 25. f4 Rfd8 26. f5 Nf8 27. Nd4 Nd7 28. e5 Nb6 29. e6 Nd5 30. Re5 fxe6 31. fxe6 Nf6 32. b5 a5 33. Rc5 Nd5 34. Re1 Nf4 35. e7 Re8 36. Re4 Rxg2+ 37. Kh1 Rf2 38. Rxc7 Kg8 39. Re5 Ng6 40. Rf5 Ra2 41. Rxb7 Nxe7 42. Re5 Rf8 43. Re2 Ra1+ 44. Kh2 Nd5 45. Ne6 Re8 46. Rxg7+ Kh8 47. Rg3 Rxa4 1-0

[Event "Atina Open og KM 2024"]
[Site "Copenhagen"]
[Date "2024.11.10"]
[Round "7.6"]
[White "Falkesgaard, Jeppe Hald"]
[Black "Veiergang, Oscar Jacob"]
[Result "1/2-1/2"]
[WhiteElo "2266"]
[BlackElo "2151"]
[EventDate "2024.11.08"]
[EventType "swiss"]
[EventRounds "7"]
[EventCountry "DEN"]
[SourceTitle "Live v. Kasper Jerwiarz"]

1. c4 Nf6 2. g3 c6 3. Bg2 d5 4. Nf3 g6 5. O-O Bg7 6. b3 Ne4 7. d4 O-O 8. Bb2 Bf5 9. e3 Nd7 10. Nbd2 Nxd2 11. Qxd2 Be4 12. Rac1 e6 13. Rfd1 Re8 14. Ne1 Bxg2 15. Kxg2 Qb6 16. Nd3 a5 17. Ne5 Red8 18. Qe2 a4 19. c5 Qc7 20. Nxd7 Qxd7 21. b4 b5 22. cxb6 a3 23. Bc3 Rdb8 24. Rb1 Rxb6 25. Be1 Qb7 26. Rd3 e5 27. dxe5 Bxe5 28. Rbb3 c5 29. Rxa3 Rxa3 30. Rxa3 cxb4 31. Rd3 b3 1/2-1/2

[Event "Atina Open og KM 2024"]
[Site "Copenhagen"]
[Date "2024.11.10"]
[Round "7.7"]
[White "Slavensky, Asbjorn Vesterkaer"]
[Black "Rasmussen, Casper Dahl"]
[Result "0-1"]
[WhiteElo "2104"]
[BlackElo "2202"]
[EventDate "2024.11.08"]
[EventType "swiss"]
[EventRounds "7"]
[EventCountry "DEN"]
[SourceTitle "Live v. Kasper Jerwiarz"]

1. d4 d5 2. c4 c6 3. Nf3 Nf6 4. Nc3 dxc4 5. a4 Bf5 6. e3 e6 7. Bxc4 Bb4 8. O-O O-O 9. h3 Nbd7 10. Nh4 Bg6 11. Nxg6 hxg6 12. Qb3 Qb6 13. Na2 Be7 14. Bd2 c5 15. dxc5 Qxb3 16. Bxb3 Nxc5 17. Bc2 Nce4 18. Bc3 Nxc3 19. Nxc3 Rac8 20. Bb3 Bb4 21. Nb5 a6 22. Nd4 Ne4 23. Rfc1 Nc5 24. Bc4 Rfd8 25. Rc2 Kf8 26. Rac1 Nxa4 27. Bxe6 Rxc2 28. Rxc2 Rxd4 29. exd4 fxe6 30. Rc8+ Kf7 31. Rc7+ Kf6 32. Rxb7 a5 33. b3 Nc3 34. Kf1 g5 35. g3 g6 36. Rb6 Kf5 37. f3 Kf6 38. Kf2 Nd5 39. Ra6 Ke7 40. Ke2 Kd7 41. Ra8 Bd6 42. Rxa5 Bxg3 43. b4 Bc7 44. Ra8 Nxb4 45. Rg8 Nd5 46. Rg7+ Ne7 47. Kd3 Bg3 48. Ke3 Kd6 49. Ke4 Bf2 50. Rf7 Nf5 51. Rf6 Ng3+ 52. Kd3 Nh5 53. Rf7 Nf4+ 54. Ke4 Nxh3 55. Ra7 Nf4 56. Ra2 Bg3 57. Ra7 Nd5 58. Rg7 Ne7 59. Rf7 Bf2 60. Rf6 Kd7 61. Rf7 Bg3 62. Rf6 Bf2 63. Rf7 Bh4 64. Ke5 Be1 65. Kf6 Bb4 66. Kxg5 Kd6 67. Kf6 Nc6 68. Kxg6 Nxd4 69. Rb7 Bd2 70. Rf7 Ke5 71. Kh5 Nf5 72. Rd7 Bf4 73. Ra7 Ne3 74. Kg6 Nd5 75. Ra4 Bd2 76. Kf7 Kf5 77. Re4 e5 78. Ra4 Bc3 79. Rh4 Bd4 80. Rh5+ Kf4 81. Ke6 Ne3 82. Kd6 Nc4+ 83. Kd5 Nd2 84. Rh4+ Ke3 85. f4 e4 86. Rh7 Kd3 87. f5 e3 88. Re7 Bc3 89. Ke6 e2 90. Kd5 Nf3 91. Re4 Ng5 92. Re8 e1=Q 93. Rxe1 Bxe1 94. Kd6 Nh7 95. Ke7 Bc3 96. Kf7 Nf6 97. Ke6 Ke4 98. Kd6 Kxf5 99. Kc5 Ke5 100. Kc4 Bd4 101. Kd3 Kd5 102. Kd2 Ke4 103. Ke2 Be3 104. Ke1 Nd5 105. Kf1 Kf3 106. Ke1 Nc3 107. Kf1 Ne4 108. Ke1 Nf2 109. Kf1 Bd2 110. Kg1 Bf4 111. Kf1 Bh2 112. Ke1 Ne4 113. Kd1 Ke3 114. Kc2 Nd2 115. Kc3 Bd6 116. Kb2 Kd3 117. Kc1 Ba3+ 118. Kd1 Bb2 119. Ke1 Bd4 120. Kd1 Bf2 121. Kc1 Nc4 122. Kd1 Nb2+ 123. Kc1 Kc3 124. Kb1 Kb3 125. Ka1 Be3 0-1

[Event "Atina Open og KM 2024"]
[Site "Copenhagen"]
[Date "2024.11.10"]
[Round "7.8"]
[White "Jalving, August"]
[Black "Rosenlund, Thorbjorn"]
[Result "0-1"]
[WhiteElo "2205"]
[BlackElo "2127"]
[EventDate "2024.11.08"]
[EventType "swiss"]
[EventRounds "7"]
[EventCountry "DEN"]
[SourceTitle "Live v. Kasper Jerwiarz"]

1. e4 g6 2. d4 c6 3. Be2 Bg7 4. Nf3 d6 5. c4 a6 6. a4 a5 7. h3 Nf6 8. Nc3 O-O 9. Be3 Nfd7 10. g4 e5 11. d5 Nc5 12. Rg1 Nba6 13. h4 f6 14. Ra3 Qe7 15. h5 g5 16. Nh4 gxh4 17. h6 Bh8 18. g5 f5 19. Bh5 f4 20. g6 Bf6 21. Bxc5 Nxc5 22. g7 Rd8 23. Bg6 hxg6 24. Rxg6 Kh7 25. Qh5 Qf7 26. Rxf6 Qxh5 27. Rf8 Be6 0-1

[Event "Atina Open og KM 2024"]
[Site "Copenhagen"]
[Date "2024.11.10"]
[Round "7.9"]
[White "Petersen, Peter Birk"]
[Black "Guindy, Esmat Susanne"]
[Result "0-1"]
[WhiteElo "2142"]
[BlackElo "2020"]
[EventDate "2024.11.08"]
[EventType "swiss"]
[EventRounds "7"]
[EventCountry "DEN"]
[SourceTitle "Live v. Kasper Jerwiarz"]

1. e4 e6 2. d4 d5 3. e5 c5 4. c3 Nc6 5. Nf3 Bd7 6. dxc5 Bxc5 7. Bd3 Qc7 8. Qe2 Nge7 9. O-O Ng6 10. Re1 f6 11. b4 Bb6 12. exf6 gxf6 13. g3 O-O-O 14. a4 a5 15. Na3 e5 16. Nb5 Qb8 17. Bxg6 hxg6 18. Be3 Bxe3 19. Qxe3 Rh3 20. Qb6 Rdh8 21. Kf1 Bg4 22. Ng1 Rxh2 23. bxa5 Rh1 24. Re3 e4 25. a6 Kd7 26. axb7 Bf3 27. Rxf3 exf3 28. Nd4 Nxd4 29. Qxd4 Qxb7 30. Qxf6 Qc6 31. Qxf3 Qc4+ 0-1

[Event "Atina Open og KM 2024"]
[Site "Copenhagen"]
[Date "2024.11.10"]
[Round "7.10"]
[White "Li, Anna Sofie"]
[Black "Gregor, Bjarke"]
[Result "1-0"]
[WhiteElo "1983"]
[BlackElo "2128"]
[EventDate "2024.11.08"]
[EventType "swiss"]
[EventRounds "7"]
[EventCountry "DEN"]
[SourceTitle "Live v. Kasper Jerwiarz"]

1. e4 c6 2. d4 d5 3. exd5 cxd5 4. Bd3 Nf6 5. c3 Bg4 6. Qb3 Qc7 7. h3 Bd7 8. Nf3 e6 9. O-O Bc6 10. Re1 Nbd7 11. Nbd2 Bd6 12. Nf1 O-O 13. Qc2 e5 14. dxe5 Nxe5 15. Nxe5 Bxe5 16. Be3 Rfe8 17. Nd2 Ne4 18. Nf3 Bf6 19. Bd4 Qf4 20. Bxf6 Qxf6 21. Nd4 h6 22. Re3 Rac8 23. Qe2 Nd6 24. Re1 Rxe3 25. Qxe3 Re8 26. Qd2 Rxe1+ 27. Qxe1 Ne4 28. Qe3 a6 29. c4 Nd6 30. Nxc6 bxc6 31. c5 Ne4 32. f3 Qxb2 33. fxe4 d4 34. Qe2 Qc1+ 35. Kh2 Qxc5 36. Bxa6 Qe5+ 37. Kg1 c5 38. Bc4 Qg5 39. a4 Qc1+ 40. Kh2 Kf8 41. Qf1 1-0